Evropa 92 Prohloubení západoevropského integračního procesu

Bibliographic Details
Main Author: Tíkal, Svatopluk, 1927- (Author)
Format: Book
Language:Czech
PhysicalDescription:126, [1] s. 20 cm
Published: Praha Academia 1992
ISBN:8020002863
Edition:1. vyd.

MARC

LEADER 00000nam a2200000 a 4500
001 vtls001135293
003 SK-MaSNL
005 20260302064513.0
008 250414s1992 CS 0 cze
020 |a 8020002863 
035 |a SNK000078146 
040 |a SNK  |b slo  |c SNK  |e AACR2 
041 0 |a cze 
044 |a [CS] 
080 |a 339.13.012(4-15)  |2 1981 
100 1 |a Tíkal, Svatopluk,  |d 1927-  |4 aut  |9 10553 
245 1 0 |a Evropa 92  |b Prohloubení západoevropského integračního procesu  |c Svatopluk Tíkal 
250 |a 1. vyd. 
260 |a Praha  |b Academia  |c 1992 
300 |a 126, [1] s.  |c 20 cm 
852 |a Slovenská národná knižnica 
919 |a 80-200-0286-3 
954 |a krajiny západoeurópske  |a ekonomika trhová 
999 |c 1137921  |d 1139851 
952 |t P60, <04>, [BOOK], {604}  |a SNK  |b SNK  |y NEVYP  |7 0  |p 17A0102574  |o snkIC 121344 D1  |0 0  |1 1  |4 0  |d 1997-10-09  |l 0  |r 2005-01-01 00:00:00  |w 2026-02-24